00677cam a22001931a 4500001001100000005001700011008004100028035001600069040000800085100004600093245012000139260003100259300001100290650001200301908001100313050002000324999001500344952012400359000000290920140825164027.0870803s1964 enk 00000 eng d a 00055285 aPUL10aNelson, J. Robertq(John Robert),d1920-.14aThe realm of redemption :bstudies in the doctrine of the nature of the church in contemporary Protestant theology.0 aLondon :bEpworth,c[1964] a249 p.00aChurch. a050302 aBV598b.N4 1964 c2812d2812 00102lcc4070aPUEAbPUEAd2012-12-26eDonationl0oBV598 .N4 1964p020010003356r2012-12-26 00:00:00w2012-12-26yBK